Eastern Utah Libraries Catalog: Duchesne, Heber, Roosevelt, & Vernal

Doctor Zhivago (Record no. 3701)

MARC details
000 -LEADER
fixed length control field 05185cgm a2200997Ia 4500
001 - CONTROL NUMBER
control field ocm48379860
003 - CONTROL NUMBER IDENTIFIER
control field OCoLC
005 - DATE AND TIME OF LATEST TRANSACTION
control field 20241220103143.0
008 - FIXED-LENGTH DATA ELEMENTS--GENERAL INFORMATION
fixed length control field 011107s2001 cau200 g vleng d
007 - PHYSICAL DESCRIPTION FIXED FIELD--GENERAL INFORMATION
fixed length control field vd cvaizu
040 ## - CATALOGING SOURCE
Original cataloging agency C02
Transcribing agency CO2
Modifying agency TMI
-- JED
-- RCS
-- OCLCQ
-- GK8
-- OCLCQ
-- BTCTA
-- WAU
-- RCS
-- YDXCP
-- OCLCQ
-- RCS
-- OCLCQ
-- QJB
-- UINTA
020 ## - INTERNATIONAL STANDARD BOOK NUMBER
International Standard Book Number 079076184X
020 ## - INTERNATIONAL STANDARD BOOK NUMBER
International Standard Book Number 9780790761848
024 1# - OTHER STANDARD IDENTIFIER
Standard number or code 012569557123
028 42 - PUBLISHER NUMBER
Publisher number 65571
Source Warner Home Video
028 42 - PUBLISHER NUMBER
Publisher number 65571-2
Source Warner Home Video
029 1# - (OCLC)
OCLC library identifier NZ1
System control number 12584414
035 ## - SYSTEM CONTROL NUMBER
System control number (OCoLC)48379860
037 ## - SOURCE OF ACQUISITION
Source of stock number/acquisition Midwest Tapes
Note http://www.midwesttapes.com
041 1# - LANGUAGE CODE
Language code of text/sound track or separate title eng
-- fre
-- eng
-- fre
-- spa
Language code of original and/or intermediate translations of text eng
043 ## - GEOGRAPHIC AREA CODE
Geographic area code e-ur---
050 #4 - LIBRARY OF CONGRESS CALL NUMBER
Classification number PG3476.P27
Item number D63 2001
082 04 - DEWEY DECIMAL CLASSIFICATION NUMBER
Classification number 791.43/72
Edition number 22
049 ## - LOCAL HOLDINGS (OCLC)
Holding library UCLB
082 ## - DEWEY DECIMAL CLASSIFICATION NUMBER
Classification number 791.437
092 ## - LOCALLY ASSIGNED DEWEY CALL NUMBER (OCLC)
Classification number 791.437
130 0# - MAIN ENTRY--UNIFORM TITLE
Uniform title Doctor Zhivago (Motion picture)
9 (RLIN) 41846
245 10 - TITLE STATEMENT
Title Doctor Zhivago
Medium [videorecording] /
Statement of responsibility, etc Metro-Goldwyn-Mayer presents ; a Carlo Ponti production ; produced by Carlo Ponti ; screenplay by Robert Bolt ; directed by David Lean.
246 3# - VARYING FORM OF TITLE
Title proper/short title David Lean's film of Doctor Zhivago
250 ## - EDITION STATEMENT
Edition statement Special ed. ; widescreen version.
260 ## - PUBLICATION, DISTRIBUTION, ETC. (IMPRINT)
Place of publication, distribution, etc Burbank, CA :
Name of publisher, distributor, etc Warner Home Video,
Date of publication, distribution, etc c2001.
300 ## - PHYSICAL DESCRIPTION
Extent 2 videodiscs (200 min.) :
Other physical details sd., col. ;
Dimensions 4 3/4 in.
538 ## - SYSTEM DETAILS NOTE
System details note DVD, region 1, dual-layer format.
546 ## - LANGUAGE NOTE
Language note English and dubbed French soundtracks, optional subtitles in English, French, and Spanish; closed-captioned.
511 1# - PARTICIPANT OR PERFORMER NOTE
Participant or performer note Omar Sharif, Julie Christie, Geraldine Chaplin, Rod Steiger, Alec Guinness, Tom Courtenay, Siobhan McKenna, Ralph Richardson, Rita Tushingham. Introduction to motion picture and narrator of documentary, Omar Sharif.
508 ## - CREATION/PRODUCTION CREDITS NOTE
Creation/production credits note Director of photography, Freddie Young ; film editor, Norman Savage ; original music composed and conducted by Maurice Jarre. Documentary presented by Turner Home Entertainment.
500 ## - GENERAL NOTE
General note Double-sided disc must be flipped halfway through.
500 ## - GENERAL NOTE
General note Originally released as a motion picture in 1965.
500 ## - GENERAL NOTE
General note Based on the novel by Boris Pasternak.
521 8# - TARGET AUDIENCE NOTE
Target audience note MPAA rating: PG-13; mature themes.
520 ## - SUMMARY, ETC.
Summary, etc A poet and surgeon, husband and lover finds his life disrupted by war. It alters the lives of many, including Tonya, the gentle woman he marries and Lara, the woman he cannot forget.
505 0# - FORMATTED CONTENTS NOTE
Formatted contents note [Disc 1, sides A & B] Doctor Zhivago -- [disc. 2] Special features.
586 ## - AWARDS NOTE
Awards note Academy Award, 1966: Best art direction, set decoration; Best cinematography, color; Best costume design, color; Best music, score (substantially original); Best writing, screenplay based on material from another medium.
598 ## -
-- bannedbk
500 ## - GENERAL NOTE
General note Special features: [disc 1] introduction by Omar Sharif; audio commentary by Omar Sharif, Rod Steiger, and Sandra Lean; music-only track. [disc 2] Cast & crew ; Doctor Zhivago: the making of a Russian epic (1995; 59 min.); 10 vintage documentaries, original trailer, awards.
600 10 - SUBJECT ADDED ENTRY--PERSONAL NAME
Personal name Pasternak, Boris Leonidovich,
Dates associated with a name 1890-1960
Form subdivision Film and video adaptations.
9 (RLIN) 6138280
651 #0 - SUBJECT ADDED ENTRY--GEOGRAPHIC NAME
Geographic name Soviet Union
General subdivision History
Chronological subdivision Revolution, 1917-1921
Form subdivision Drama.
9 (RLIN) 5702537
651 #0 - SUBJECT ADDED ENTRY--GEOGRAPHIC NAME
Geographic name Russia
General subdivision History
Chronological subdivision Revolution, 1905-1907
Form subdivision Drama.
9 (RLIN) 5702538
650 #0 - SUBJECT ADDED ENTRY--TOPICAL TERM
Topical term or geographic name as entry element Physicians
Geographic subdivision Russia
Form subdivision Drama.
9 (RLIN) 6498657
651 #7 - SUBJECT ADDED ENTRY--GEOGRAPHIC NAME
Geographic name Unión Soviética
General subdivision Historia
Chronological subdivision Revolución 1917-1921
Form subdivision Teatro.
Source of heading or term bidex
9 (RLIN) 6498658
651 #7 - SUBJECT ADDED ENTRY--GEOGRAPHIC NAME
Geographic name Rusia
General subdivision Historia
Chronological subdivision 1905-1907
Form subdivision Teatro.
Source of heading or term bidex
9 (RLIN) 6498659
651 #8 - SUBJECT ADDED ENTRY--GEOGRAPHIC NAME
Geographic name Soviet Union
General subdivision History
Chronological subdivision Revolution, 1917-1921
Form subdivision Drama.
9 (RLIN) 5702537
651 #8 - SUBJECT ADDED ENTRY--GEOGRAPHIC NAME
Geographic name Russia
General subdivision History
Chronological subdivision 1905, Revolution
Form subdivision Drama.
9 (RLIN) 6498660
650 #8 - SUBJECT ADDED ENTRY--TOPICAL TERM
Topical term or geographic name as entry element Physicians
Geographic subdivision Russia
Form subdivision Drama.
9 (RLIN) 6498657
655 #0 - INDEX TERM--GENRE/FORM
Genre/form data or focus term Feature films.
9 (RLIN) 6088584
655 #0 - INDEX TERM--GENRE/FORM
Genre/form data or focus term Historical films.
9 (RLIN) 6088585
655 #0 - INDEX TERM--GENRE/FORM
Genre/form data or focus term Video recordings for the hearing impaired.
9 (RLIN) 6088586
655 #7 - INDEX TERM--GENRE/FORM
Genre/form data or focus term Historical films.
Source of term gsafd
9 (RLIN) 6088585
655 #7 - INDEX TERM--GENRE/FORM
Genre/form data or focus term Feature films.
Source of term gsafd
9 (RLIN) 6088584
655 #7 - INDEX TERM--GENRE/FORM
Genre/form data or focus term Historical
Form subdivision Feature.
Source of term migfg
9 (RLIN) 5709379
700 1# - ADDED ENTRY--PERSONAL NAME
Personal name Ponti, Carlo,
Dates associated with a name 1913-
Relator code pro
9 (RLIN) 5838805
700 1# - ADDED ENTRY--PERSONAL NAME
Personal name Bolt, Robert.
Relator code aus
9 (RLIN) 3516
700 1# - ADDED ENTRY--PERSONAL NAME
Personal name Lean, David,
Dates associated with a name 1908-1991.
Relator code drt
9 (RLIN) 13054
700 1# - ADDED ENTRY--PERSONAL NAME
Personal name Sharif, Omar,
Dates associated with a name 1932-
Relator code act
9 (RLIN) 2479
700 1# - ADDED ENTRY--PERSONAL NAME
Personal name Christie, Julie.
Relator code act
9 (RLIN) 57986
700 1# - ADDED ENTRY--PERSONAL NAME
Personal name Chaplin, Geraldine,
Dates associated with a name 1944-
Relator code act
9 (RLIN) 59746
700 1# - ADDED ENTRY--PERSONAL NAME
Personal name Steiger, Rod,
Dates associated with a name 1925-2002.
Relator code act
9 (RLIN) 23220
700 1# - ADDED ENTRY--PERSONAL NAME
Personal name Guinness, Alec,
Dates associated with a name 1914-2000.
Relator code act
9 (RLIN) 20740
700 1# - ADDED ENTRY--PERSONAL NAME
Personal name Courtenay, Tom.
Relator code act
9 (RLIN) 21434
700 1# - ADDED ENTRY--PERSONAL NAME
Personal name McKenna, Siobhán,
Dates associated with a name 1923-1986.
Relator code act
9 (RLIN) 25509
700 1# - ADDED ENTRY--PERSONAL NAME
Personal name Richardson, Ralph,
Titles and other words associated with a name Sir,
Dates associated with a name 1902-1983.
Relator code act
9 (RLIN) 15278
700 1# - ADDED ENTRY--PERSONAL NAME
Personal name Tushingham, Rita,
Dates associated with a name 1942-
Relator code act
9 (RLIN) 5702544
700 1# - ADDED ENTRY--PERSONAL NAME
Personal name Young, Freddie.
Relator code cng
9 (RLIN) 5780370
700 1# - ADDED ENTRY--PERSONAL NAME
Personal name Savage, Norman.
Relator code flm
9 (RLIN) 6088587
700 1# - ADDED ENTRY--PERSONAL NAME
Personal name Jarre, Maurice.
Relator code cmp
9 (RLIN) 16301
700 1# - ADDED ENTRY--PERSONAL NAME
Personal name Pasternak, Boris Leonidovich,
Dates associated with a name 1890-1960.
Title of a work Doktor Zhivago.
Language of a work English.
9 (RLIN) 34868
710 2# - ADDED ENTRY--CORPORATE NAME
Corporate name or jurisdiction name as entry element Metro-Goldwyn-Mayer.
9 (RLIN) 11252
710 2# - ADDED ENTRY--CORPORATE NAME
Corporate name or jurisdiction name as entry element Warner Home Video (Firm)
9 (RLIN) 61103
710 2# - ADDED ENTRY--CORPORATE NAME
Corporate name or jurisdiction name as entry element Turner Home Entertainment (Firm)
9 (RLIN) 59975
856 42 - ELECTRONIC LOCATION AND ACCESS
Uniform Resource Identifier <a href="http://www.mrqe.com/lookup?doctor+zhivago">http://www.mrqe.com/lookup?doctor+zhivago</a>
Public note Connect to reviews of this title online
938 ## -
-- Baker and Taylor
-- BTCP
-- be2003003013
938 ## -
-- YBP Library Services
-- YANK
-- 2526061
942 ## - ADDED ENTRY ELEMENTS (KOHA)
Koha item type DVD
994 ## -
-- C0
-- UINTA
998 ## - LOCAL CONTROL INFORMATION (RLIN)
-- a7923
Holdings
Withdrawn status Lost status Source of classification or shelving scheme Materials specified (bound volume or other part) Damaged status Not for loan Collection code Home library Current library Shelving location Date acquired Source of acquisition Total Checkouts Full call number Barcode Date last seen Date checked out Cost, replacement price Price effective from Koha item type
    Dewey Decimal Classification 2 discs     Movies Wasatch County Library Wasatch County Library Audio Visual Area 01/24/2024 Amazon 1 DVD Doctor Zhivago 34301002063693 03/07/2024 02/01/2024 14.90 01/24/2024 DVD
This project was made possible through a grant from the Institute of Museum and Library Service administered by the Utah State Library Division.

Wasatch County Library

  • 465 East 1200 South, Heber City, Utah 84032
  • Phone 435-654-1511 | Fax 435-654-6456

Hours

  • Monday - Friday 9:30 AM - 8:00 PM
  • Saturday 9:30 AM - 1:30 PM
  • Closed Sundays and Holidays